Az alacsony mértékű gyermekvállalás morális vonatkozásai
Elmentve itt :
| Szerző: | |
|---|---|
| Dokumentumtípus: | Cikk |
| Megjelent: |
2016
|
| Sorozat: | LÉTÜNK (ÚJVIDÉK)
3 |
| mtmt: | 3160578 |
| Online Access: | http://publicatio.bibl.u-szeged.hu/10195 |
| LEADER | 00600nab a2200181 i 4500 | ||
|---|---|---|---|
| 001 | publ10195 | ||
| 005 | 20190508163305.0 | ||
| 008 | 170107s2016 hu o 0|| zxx d | ||
| 022 | |a 0350-4158 | ||
| 024 | 7 | |a 3160578 |2 mtmt | |
| 040 | |a SZTE Publicatio Repozitórium |b hun | ||
| 041 | |a zxx | ||
| 100 | 1 | |a Tóth I. János | |
| 245 | 1 | 3 | |a Az alacsony mértékű gyermekvállalás morális vonatkozásai |h [elektronikus dokumentum] / |c Tóth I. János |
| 260 | |c 2016 | ||
| 300 | |a 37-51 | ||
| 490 | 0 | |a LÉTÜNK (ÚJVIDÉK) |v 3 | |
| 856 | 4 | 0 | |u http://publicatio.bibl.u-szeged.hu/10195/1/letunk_2016_3_2.pdf |z Dokumentum-elérés |